[Event "GER-ch53 V07 email"]
[Site "GER email"]
[Date "2021.04.21"]
[Round "?"]
[White "Berg, Juergen"]
[Black "Hanel, Roland"]
[Result "1/2-1/2"]
[WhiteElo "2125"]
[BlackElo "2173"]
[PlyCount "62"]
[EventDate "2021.04.21"]
[EventType "tourn (corr)"]
[EventRounds "10"]
[EventCountry "GER"]
[SourceTitle "Corr 2024"]
[Source "ChessBase"]
[SourceDate "2023.10.19"]
[SourceVersion "1"]
[SourceVersionDate "2023.10.19"]
[SourceQuality "1"]

1. d4 f5 2. Bg5 h6 3. Bh4 g5 4. e3 Bg7 5. Bg3 c5 6. c3 Qb6 7. Na3 cxd4 8. Nc4 Qe6 9. cxd4 Nf6 10. Ne5 0-0 11. Ngf3 Ne4 12. Rc1 d5 13. Nd2 Nd7 14. Nxe4 fxe4 15. Nc4 Nf6 16. Na3 Bd7 17. Nb5 Qf7 18. Be2 Bxb5 19. Bxb5 Nh5 20. 0-0 a6 21. Bd7 Rad8 22. Bf5 Qxf5 23. Qxh5 Rc8 24. h3 Kh7 25. a4 Qe6 26. a5 Bf6 27. Bc7 Qd7 28. Bb6 Kg7 29. b4 Rxc1 30. Rxc1 Rc8 31. Bc5 Rf8 1/2-1/2

[Event "DSOL 03 Liga Gr-C 1st"]
[Site "Playchess.com INT"]
[Date "2020.07.22"]
[Round "5.3"]
[White "Jacobse, Leon"]
[Black "Berg, Juergen"]
[Result "1-0"]
[WhiteElo "1924"]
[BlackElo "1749"]
[PlyCount "45"]
[EventDate "2020.06.22"]
[EventType "team-tourn (rapid)"]
[EventCountry "GER"]
[SourceTitle "EXT 2021"]
[Source "ChessBase"]
[SourceDate "2020.10.23"]
[SourceVersion "1"]
[SourceVersionDate "2020.10.23"]
[SourceQuality "1"]
[WhiteTeam "Blankenese"]
[BlackTeam "Geseke"]
[WhiteTeamCountry "GER"]
[BlackTeamCountry "GER"]

1. e4 e6 2. f4 d5 3. e5 c5 4. c4 d4 5. d3 Bd7 6. Nd2 Nh6 7. Ne4 Qc7 8. Nf3 Be7 9. Be2 Bc6 10. 0-0 Nd7 11. a3 a5 12. Bd2 0-0 13. Qe1 f6 14. exf6 Nxf6 15. Nfg5 Bd7 16. Bf3 Nxe4 17. Bxe4 Bxg5 18. fxg5 Rxf1+ 19. Qxf1 Rf8 20. Bxh7+ Kxh7 21. Qxf8 Nf5 22. Qf7 Nd6 23. g6+ 1-0

[Event "GER Cup Net V3 U2000"]
[Site "Playchess.com INT"]
[Date "2020.05.27"]
[Round "7"]
[White "Berg, Juergen"]
[Black "Zhou, Lepu Coco"]
[Result "0-1"]
[WhiteElo "1665"]
[BlackElo "1743"]
[PlyCount "52"]
[EventDate "2020.05.27"]
[EventType "swiss (blitz)"]
[EventRounds "9"]
[EventCountry "GER"]
[SourceTitle "EXT 2021"]
[Source "ChessBase"]
[SourceDate "2020.10.23"]
[SourceVersion "1"]
[SourceVersionDate "2020.10.23"]
[SourceQuality "1"]

1. Nc3 Nf6 2. e4 e5 3. Bc4 Nc6 4. a3 Be7 5. d3 0-0 6. Nge2 d6 7. 0-0 Be6 8. Bxe6 fxe6 9. f4 exf4 10. Nxf4 Qd7 11. Be3 e5 12. Nh5 Ng4 13. Qd2 Nxe3 14. Qxe3 Qg4 15. Ng3 Nd4 16. h3 Qg6 17. Rxf8+ Rxf8 18. Nd5 Bg5 19. Qe1 Nxc2 20. Qa5 Nxa1 21. Nf5 Kh8 22. Qxc7 Bh6 23. Nde7 Qh5 24. Qxd6 Qd1+ 25. Kf2 Qd2+ 26. Kg3 Qf4# 0-1

[Event "GER Cup Net V3 U2000"]
[Site "Playchess.com INT"]
[Date "2020.05.27"]
[Round "6"]
[White "Schulz, Gerhard1111"]
[Black "Berg, Juergen"]
[Result "0-1"]
[WhiteElo "1478"]
[BlackElo "1656"]
[PlyCount "116"]
[EventDate "2020.05.27"]
[EventType "swiss (blitz)"]
[EventRounds "9"]
[EventCountry "GER"]
[SourceTitle "EXT 2021"]
[Source "ChessBase"]
[SourceDate "2020.10.23"]
[SourceVersion "1"]
[SourceVersionDate "2020.10.23"]
[SourceQuality "1"]

1. d4 e6 2. e4 d5 3. exd5 exd5 4. Nf3 Nf6 5. Bd3 Bd6 6. 0-0 0-0 7. Bg5 Bg4 8. h3 Bh5 9. Nbd2 Nbd7 10. c3 c6 11. Re1 Qc7 12. Qc2 Bf4 13. Bxf4 Qxf4 14. Ne5 Bg6 15. Nxg6 fxg6 16. Re7 Rae8 17. Rae1 Rxe7 18. Rxe7 Qd6 19. Re1 g5 20. Nf3 g4 21. Ne5 gxh3 22. g3 Re8 23. Qe2 Nf8 24. Kh2 Qe6 25. f4 Qc8 26. Qf1 c5 27. Qxh3 Qxh3+ 28. Kxh3 cxd4 29. cxd4 Ne6 30. Ng4 Nxf4+ 31. gxf4 Rxe1 32. Nxf6+ gxf6 33. Kg4 Kg7 34. Kf5 Re3 35. Bb5 Re4 36. Bd7 Rxd4 37. Be6 Rd2 38. b3 d4 39. Bc4 Rxa2 40. Ke4 Rd2 41. Bd3 f5+ 42. Kxd4 Rxd3+ 43. Kxd3 h5 44. Ke3 h4 45. Kf3 a5 46. Kg2 b5 47. Kh3 a4 48. Kxh4 axb3 49. Kg5 b2 50. Kxf5 b1Q+ 51. Ke6 b4 52. f5 Kf8 53. f6 b3 54. f7 b2 55. Kd7 Qf5+ 56. Kd8 b1Q 57. Kc7 Qc5+ 58. Kd8 Qd3# 0-1

[Event "GER Cup Net V2 U2000"]
[Site "Playchess.com INT"]
[Date "2020.05.22"]
[Round "7"]
[White "Berg, Juergen"]
[Black "Niemann, Alexander"]
[Result "1/2-1/2"]
[WhiteElo "1693"]
[BlackElo "1749"]
[PlyCount "103"]
[EventDate "2020.05.22"]
[EventType "swiss (blitz)"]
[EventRounds "9"]
[EventCountry "GER"]
[SourceTitle "EXT 2021"]
[Source "ChessBase"]
[SourceDate "2020.10.23"]
[SourceVersion "1"]
[SourceVersionDate "2020.10.23"]
[SourceQuality "1"]

1. Nc3 Nf6 2. e4 e5 3. Bc4 Nc6 4. a3 Bc5 5. d3 d6 6. Na4 Bd4 7. c3 Bb6 8. Nxb6 axb6 9. Ne2 0-0 10. 0-0 Qe7 11. f4 Be6 12. Bxe6 fxe6 13. f5 exf5 14. Rxf5 Nd7 15. Ng3 Rxf5 16. Nxf5 Qe6 17. Qg4 Qg6 18. Qxg6 hxg6 19. Nh4 Kh7 20. Be3 Rf8 21. Rf1 Rxf1+ 22. Kxf1 Nf6 23. h3 Ne7 24. Kf2 Nc6 25. Nf3 Nd8 26. g4 Ne6 27. Ng5+ Nxg5 28. Bxg5 Kg8 29. Ke3 Kf7 30. Bxf6 gxf6 31. d4 Ke6 32. d5+ Ke7 33. h4 Kf7 34. a4 Kg7 35. b4 Kf7 36. c4 Ke7 37. Kd3 Ke8 38. Ke2 Ke7 39. Kf3 Kf7 40. h5 Kg7 41. Kg3 Kh6 42. hxg6 Kxg6 43. Kh4 Kh6 44. Kh3 Kg5 45. Kg3 Kg6 46. Kh4 Kh6 47. Kh3 Kg6 48. Kg2 Kh6 49. Kf3 Kg6 50. Kg2 Kg7 51. Kh2 Kh6 52. Kh3 1/2-1/2

[Event "GER Cup Net V2 U2000"]
[Site "Playchess.com INT"]
[Date "2020.05.22"]
[Round "3"]
[White "Singh, Marcel"]
[Black "Berg, Juergen"]
[Result "1-0"]
[WhiteElo "1996"]
[BlackElo "1670"]
[PlyCount "87"]
[EventDate "2020.05.22"]
[EventType "swiss (blitz)"]
[EventRounds "9"]
[EventCountry "GER"]
[SourceTitle "EXT 2021"]
[Source "ChessBase"]
[SourceDate "2020.10.23"]
[SourceVersion "1"]
[SourceVersionDate "2020.10.23"]
[SourceQuality "1"]

1. e4 e6 2. d4 d5 3. Nd2 dxe4 4. Nxe4 Nd7 5. Nf3 Be7 6. Bd3 Ngf6 7. Bg5 Nxe4 8. Bxe7 Qxe7 9. Bxe4 Nf6 10. Bd3 0-0 11. 0-0 b6 12. Qe2 Bb7 13. c3 Rac8 14. Ba6 c5 15. Bxb7 Qxb7 16. dxc5 Rxc5 17. Rad1 Qc7 18. Rd4 Rd8 19. Rfd1 Rxd4 20. Rxd4 Rd5 21. Qd3 Qd7 22. Rxd5 Qxd5 23. Qxd5 Nxd5 24. Nd4 Kf8 25. Nc6 a5 26. Kf1 Ke8 27. g3 f6 28. Ke2 Kd7 29. Nd4 g6 30. Kd3 Nc7 31. Kc4 Kd6 32. b4 e5 33. Nb5+ Nxb5 34. Kxb5 axb4 35. cxb4 Kc7 36. Ka6 Kc6 37. b5+ Kc5 38. a4 f5 39. a5 bxa5 40. b6 a4 41. b7 a3 42. b8Q a2 43. Qb5+ Kd4 44. Qa4+ 1-0

[Event "GER-ch Net Amateur Gr-B Final"]
[Site "Playchess.com INT"]
[Date "2020.04.18"]
[Round "9"]
[White "Fenski, Matthias"]
[Black "Berg, Juergen"]
[Result "1-0"]
[WhiteElo "1719"]
[BlackElo "1675"]
[PlyCount "117"]
[EventDate "2020.04.18"]
[EventType "swiss (blitz)"]
[EventRounds "13"]
[EventCountry "GER"]
[SourceTitle "CBM 195 Extra"]
[Source "ChessBase"]
[SourceDate "2020.05.31"]
[SourceVersion "1"]
[SourceVersionDate "2020.05.31"]
[SourceQuality "1"]

1. c4 e6 2. g3 d5 3. Bg2 Nf6 4. Nf3 Bd6 5. b3 Nbd7 6. 0-0 dxc4 7. bxc4 0-0 8. Bb2 c5 9. d3 Rb8 10. a4 b6 11. Na3 Bb7 12. Nb5 Bc7 13. Nxa7 Ra8 14. Nb5 Bb8 15. Qc2 Bc6 16. Rfb1 Qe8 17. Nd2 Bxg2 18. Kxg2 e5 19. e4 Qe6 20. f3 h5 21. Qd1 h4 22. g4 Nh7 23. Bc1 Ng5 24. Nf1 Nh7 25. Ne3 g6 26. Nc3 Rd8 27. Ncd5 Ba7 28. a5 Rdc8 29. Qa4 Nhf6 30. Qb3 Nxd5 31. Nxd5 Nf6 32. Bg5 Nxg4 33. Ne7+ Kg7 34. Nxc8 Rxc8 35. axb6 Bb8 36. Re1 f6 37. Bxh4 Nh6 38. Bg3 f5 39. Qd1 Rh8 40. h4 f4 41. Bf2 Qxb6 42. Rb1 Qc7 43. Qa4 Qe7 44. Qa6 Bd6 45. Rb7 Bc7 46. Qa7 Rc8 47. Bxc5 Qd7 48. Bb6 Nf7 49. Rxc7 Rxc7 50. Qxc7 Qe8 51. Ra1 Qe6 52. Ra7 g5 53. Qxf7+ Qxf7 54. Rxf7+ Kxf7 55. hxg5 Kg6 56. c5 Kxg5 57. c6 Kf6 58. c7 Ke6 59. c8Q+ 1-0

[Event "GER-ch Net Amateur Gr-B Final"]
[Site "Playchess.com INT"]
[Date "2020.04.18"]
[Round "8"]
[White "Fruth, David"]
[Black "Berg, Juergen"]
[Result "1-0"]
[WhiteElo "1732"]
[BlackElo "1675"]
[PlyCount "93"]
[EventDate "2020.04.18"]
[EventType "swiss (blitz)"]
[EventRounds "13"]
[EventCountry "GER"]
[SourceTitle "CBM 195 Extra"]
[Source "ChessBase"]
[SourceDate "2020.05.31"]
[SourceVersion "1"]
[SourceVersionDate "2020.05.31"]
[SourceQuality "1"]

1. e4 e6 2. d4 d5 3. Nd2 dxe4 4. Nxe4 Nd7 5. Nf3 Be7 6. Bc4 Nb6 7. Bb3 Bd7 8. 0-0 Bc6 9. Neg5 Bd5 10. Bxd5 Nxd5 11. c4 Nb6 12. Qd3 c5 13. Nxh7 cxd4 14. Nhg5 Rc8 15. Nxf7 Kxf7 16. Ne5+ Kf8 17. Ng6+ Ke8 18. Nxh8 e5 19. Qg6+ Kd7 20. Qf5+ Kc7 21. Qxe5+ Bd6 22. Qxg7+ Kb8 23. Nf7 Qe7 24. Qg6 Nf6 25. Bg5 Nbd7 26. Nxd6 Qxd6 27. Qf5 Qc6 28. Bxf6 Nxf6 29. Rad1 Rd8 30. Qf4+ Ka8 31. Rxd4 Rf8 32. Rfd1 a6 33. Rd8+ Rxd8 34. Rxd8+ Ka7 35. Qd4+ b6 36. Rd6 Qe4 37. Rd7+ Ka8 38. Rd8+ Kb7 39. Qxe4+ Nxe4 40. Rd7+ Kc6 41. Re7 Nd2 42. h4 Nxc4 43. h5 Nd6 44. Re6 Kd7 45. Rxd6+ Kxd6 46. h6 Ke6 47. h7 1-0

[Event "GER-ch52 V11 email"]
[Site "GER email"]
[Date "2020.04.16"]
[Round "?"]
[White "Berg, Juergen"]
[Black "Hild, Harald"]
[Result "1/2-1/2"]
[WhiteElo "2281"]
[BlackElo "2409"]
[PlyCount "83"]
[EventDate "2020.??.??"]
[EventType "tourn (corr)"]
[EventRounds "10"]
[EventCountry "GER"]
[SourceTitle "Corr 2022"]
[Source "ChessBase"]
[SourceDate "2021.10.24"]
[SourceVersion "1"]
[SourceVersionDate "2021.10.24"]
[SourceQuality "1"]

1. d4 f5 2. g3 Nf6 3. Bg2 g6 4. Nf3 Bg7 5. 0-0 0-0 6. c4 d6 7. Nc3 c6 8. Rb1 a5 9. d5 e5 10. dxe6 Bxe6 11. b3 Na6 12. Ba3 Nb4 13. Bb2 f4 14. Nd4 Bg4 15. Qd2 fxg3 16. hxg3 Qd7 17. Na4 Qc7 18. Ba1 Rae8 19. Rbe1 h5 20. a3 Na6 21. e4 h4 22. gxh4 Nc5 23. f3 Bc8 24. Nxc5 dxc5 25. Ne2 a4 26. bxa4 Kh7 27. Qg5 Bh6 28. Qg3 Qf7 29. Bxf6 Qxf6 30. Bh3 Be6 31. e5 Qe7 32. Bxe6 Qxe6 33. Rb1 Be3+ 34. Kg2 Qxc4 35. Rxb7+ Kh8 36. Rb2 Qd3 37. f4 Rb8 38. Rxb8 Rxb8 39. Qf3 Rb2 40. Re1 c4 41. h5 Bxf4 42. Qxf4 1/2-1/2

[Event "GER-ch52 V11 email"]
[Site "GER email"]
[Date "2020.04.16"]
[Round "?"]
[White "Berg, Juergen"]
[Black "Lehnhoff, Heinz Georg"]
[Result "1/2-1/2"]
[WhiteElo "2281"]
[BlackElo "2312"]
[PlyCount "63"]
[EventDate "2020.??.??"]
[EventType "tourn (corr)"]
[EventRounds "10"]
[EventCountry "GER"]
[SourceTitle "Corr 2022"]
[Source "ChessBase"]
[SourceDate "2021.10.24"]
[SourceVersion "1"]
[SourceVersionDate "2021.10.24"]
[SourceQuality "1"]

1. d4 d5 2. c4 e6 3. Nf3 Nf6 4. g3 dxc4 5. Bg2 Bd7 6. Ne5 Bc6 7. Nxc6 Nxc6 8. 0-0 Qd7 9. e3 Rd8 10. Qc2 e5 11. dxe5 Nxe5 12. Nd2 b5 13. a4 Qd3 14. Qxd3 Nxd3 15. Bc6+ Ke7 16. Rd1 Ng4 17. axb5 Ngxf2 18. Rf1 Nxc1 19. Rxf2 Nd3 20. Rff1 Ne5 21. Nf3 Nxc6 22. bxc6 Ra8 23. Ra4 g6 24. Rxc4 Bg7 25. Re4+ Kd6 26. b3 Rab8 27. Rd1+ Kxc6 28. Rc4+ Kb6 29. Rd7 c6 30. Rb4+ Kc5 31. Rc4+ Kb6 32. Rb4+ 1/2-1/2

[Event "GER T291-D08-S email"]
[Site "GER email"]
[Date "2018.11.21"]
[Round "?"]
[White "Frotscher, Thomas"]
[Black "Berg, Juergen"]
[Result "1/2-1/2"]
[WhiteElo "2053"]
[BlackElo "2055"]
[PlyCount "89"]
[EventDate "2018.11.29"]
[EventType "tourn (corr)"]
[EventRounds "8"]
[EventCountry "GER"]
[SourceTitle "Corr 2022"]
[Source "ChessBase"]
[SourceDate "2021.10.24"]
[SourceVersion "1"]
[SourceVersionDate "2021.10.24"]
[SourceQuality "1"]

1. d4 d5 2. c4 e5 3. dxe5 d4 4. Nf3 Nc6 5. a3 Nge7 6. b4 Ng6 7. Bb2 a5 8. b5 Ncxe5 9. Nxe5 Nxe5 10. Bxd4 Nxc4 11. e3 Be6 12. Be2 Qg5 13. 0-0 Bc5 14. Qc1 Bxd4 15. exd4 Qxc1 16. Rxc1 Nb6 17. Rxc7 Nd5 18. Rc2 Ke7 19. Nd2 Rhc8 20. Rac1 Rxc2 21. Rxc2 Rc8 22. Rxc8 Bxc8 23. Kf1 Nc3 24. b6 a4 25. Ke1 Be6 26. Bd3 f5 27. Nf1 g6 28. Kd2 Nd5 29. g3 Nxb6 30. Ne3 Na8 31. Kc3 Nc7 32. Kb4 Bb3 33. Bb5 Ne6 34. d5 Nc7 35. Bxa4 Bxa4 36. Kxa4 Kd6 37. Kb4 Nxd5+ 38. Nxd5 Kxd5 39. Kb5 g5 40. Kb6 f4 41. gxf4 gxf4 42. Kxb7 Ke4 43. a4 Kf3 44. a5 Kxf2 45. a6 1/2-1/2